| 000 | 01216nam a22002417a 4500 | ||
|---|---|---|---|
| 005 | 20091207120749.0 | ||
| 008 | 091207t xxu||||| |||| 00| 0 hin d | ||
| 010 | _aHIN-88749 | ||
| 020 |
_c175.00 _a8185765200 |
||
| 035 | _aHN-61095 | ||
| 037 | _bDBAD / PUB | ||
| 040 |
_aDPL _bHN |
||
| 082 | _a220.21 | ||
| 245 |
_aसूर्य विमर्श / _cसुरेन्द्र कुमार पाण्डेय द्वारा संपादित |
||
| 246 |
_aSuray Vimarsh / _bed. by Surender Kumar Panday |
||
| 260 |
_aइलाहाबाद _bहिन्दुसातीन एकेडेमी _c2009 |
||
| 270 |
_aहिन्दुस्तानी एकेडेमी _bइलाहाबाद |
||
| 300 |
_a324पृ _c22सेमी (सजिल्द) _bसचित्र |
||
| 650 | _aसूर्य वैदिक साहित्य में | ||
| 650 | _aSun in vedic literatur | ||
| 942 |
_2ddc _cHN _h220.21 _mसूर्यवि |
||
| 999 |
_c32182 _d32182 |
||